[Event "RUS-chT Clubs sf"]
[Site "Cheliabinsk"]
[Date "2005.01.??"]
[Round "2"]
[White "Fedorov, Vladislav"]
[Black "Trofimov, Sergey"]
[Result "0-1"]
[WhiteElo "2436"]
[BlackElo "2412"]
[PlyCount "50"]
[EventDate "2005.01.??"]
[EventType "team-tourn"]
[EventRounds "9"]
[EventCountry "RUS"]
[SourceTitle "EXT 2006"]
[Source "ChessBase"]
[SourceDate "2005.11.24"]
[SourceVersion "1"]
[SourceVersionDate "2005.11.24"]
[SourceQuality "1"]

1. e4 c5 2. Nf3 d6 3. c3 Nf6 4. h3 e6 5. Bd3 Nc6 6. Bc2 Be7 7. 0-0 0-0 8. Re1 b5 9. a4 b4 10. d4 bxc3 11. Nxc3 cxd4 12. Nxd4 Nxd4 13. Qxd4 Nd7 14. Rd1 a6 15. Rb1 Rb8 16. Be3 Qc7 17. f4 Rd8 18. Qd3 Nf8 19. Rdc1 Qa5 20. b4 Qh5 21. Bd1 Qg6 22. b5 axb5 23. axb5 d5 24. f5 Qg3 25. exd5 Qe1+ 0-1

[Event "RUS-Cup02"]
[Site "Moscow"]
[Date "1998.??.??"]
[Round "8"]
[White "Bujakevich, Aleksandr"]
[Black "Fedorov, Vladislav"]
[Result "0-1"]
[WhiteElo "2305"]
[BlackElo "2435"]
[PlyCount "76"]
[EventDate "1998.01.21"]
[EventType "swiss"]
[EventRounds "9"]
[EventCountry "RUS"]
[SourceTitle "EXT 1999"]
[Source "ChessBase"]
[SourceDate "1998.11.16"]
[SourceVersion "1"]
[SourceVersionDate "1998.11.16"]
[SourceQuality "1"]

1. e4 d6 2. f4 Nf6 3. e5 Nd5 4. d4 dxe5 5. fxe5 c5 6. c4 Nb4 7. d5 Bf5 8. Nf3 Nc2+ 9. Kf2 Nxa1 10. Bd3 Bxd3 11. Qxd3 e6 12. Nc3 Nc6 13. Bf4 Nb4 14. Qe4 Nac2 15. a3 Qb6 16. d6 Qc6 17. axb4 Nxb4 18. Qe2 a6 19. Ra1 h6 20. Nb5 Kd7 21. Nc7 Rc8 22. Nd2 Be7 23. Ra3 Bd8 24. Qg4 Bxc7 25. dxc7 Kxc7 26. Qxg7 Qd7 27. Be3 Rhg8 28. Qf6 Qc6 29. g3 Kb8 30. Qh4 Rcd8 31. Ne4 Nc2 32. Rb3 Nxe3 33. Kxe3 Rd4 34. Qf4 Rgd8 35. Qf3 b6 36. Qg2 Ka7 37. Qc2 R8d7 38. Ra3 Rd1 0-1

[Event "Moscow-ch"]
[Site "Moscow"]
[Date "1997.??.??"]
[Round "1"]
[White "Fedorov, Vladislav"]
[Black "Agrinsky, Vladimir Petrovich"]
[Result "1-0"]
[WhiteElo "2425"]
[BlackElo "2215"]
[PlyCount "41"]
[EventDate "1997.??.??"]
[EventType "swiss"]
[EventRounds "9"]
[EventCountry "RUS"]
[SourceTitle "EXT 2000"]
[Source "ChessBase"]
[SourceDate "1999.11.16"]
[SourceVersion "1"]
[SourceVersionDate "1999.11.16"]
[SourceQuality "1"]

1. e4 e6 2. d4 d5 3. Nd2 c5 4. exd5 Qxd5 5. Ngf3 cxd4 6. Bc4 Qd8 7. 0-0 Ne7 8. Nb3 Qc7 9. Qe2 Ng6 10. Nbxd4 a6 11. Re1 Be7 12. h4 0-0 13. Bd3 Bd6 14. Ng5 Rd8 15. Qh5 Bh2+ 16. Kh1 Rxd4 17. Qxh7+ Kf8 18. Bxg6 Be5 19. Bxf7 Nc6 20. Be3 Rc4 21. Bxe6 1-0

[Event "RUS-ch sf"]
[Site "Perm"]
[Date "1997.??.??"]
[Round "6"]
[White "Fedorov, Vladislav"]
[Black "Hamatgaleev, Alexej"]
[Result "0-1"]
[WhiteElo "2425"]
[BlackElo "2310"]
[PlyCount "122"]
[EventDate "1997.??.??"]
[EventType "swiss"]
[EventRounds "11"]
[EventCountry "RUS"]
[SourceTitle "EXT 2000"]
[Source "ChessBase"]
[SourceDate "1999.11.16"]
[SourceVersion "1"]
[SourceVersionDate "1999.11.16"]
[SourceQuality "1"]

1. e4 e5 2. Nf3 Nc6 3. Bb5 a6 4. Ba4 d6 5. c3 f5 6. exf5 Bxf5 7. d4 e4 8. Ng5 d5 9. f3 h6 10. fxe4 hxg5 11. exf5 Bd6 12. Qf3 Qe7+ 13. Kd1 0-0-0 14. Re1 Qf6 15. Re6 Nxd4 16. Rxf6 Nxf3 17. Re6 Nxh2 18. Bxg5 Nf6 19. Nd2 Rh5 20. Bxf6 gxf6 21. Rxf6 d4 22. cxd4 Bf4 23. d5 Ng4 24. Re6 Rxf5 25. Bb3 Ne3+ 26. Ke2 Nxd5 27. Ne4 Be5 28. Bxd5 Rxd5 29. Nc3 Bxc3 30. bxc3 Rg5 31. Rg1 Ra5 32. g4 Rxa2+ 33. Kf3 Kd7 34. Re4 Raa5 35. Kf4 Rg6 36. g5 Rc5 37. Rg3 a5 38. Re5 Rxe5 39. Kxe5 Ke7 40. Kf5 Kf7 41. Rd3 Rd6 42. g6+ Kg7 43. Re3 Rf6+ 44. Ke5 Rxg6 45. Kd5 Kf7 46. Kc4 Re6 47. Rh3 Ke7 48. Rh5 b6 49. Rd5 Rc6+ 50. Kb3 Ke6 51. Rh5 Rc5 52. Rh6+ Kd7 53. Rg6 Kc8 54. Rh6 Kb7 55. c4 a4+ 56. Kb4 a3 57. Rh2 Ra5 58. Ra2 Kc6 59. Kc3 Kc5 60. Kb3 Ra8 61. Kc3 Rh8 0-1

[Event "RUS-ch sf"]
[Site "Perm"]
[Date "1997.??.??"]
[Round "10"]
[White "Syrokhvatov, Leonid V"]
[Black "Fedorov, Vladislav"]
[Result "0-1"]
[WhiteElo "2270"]
[BlackElo "2425"]
[PlyCount "64"]
[EventDate "1997.??.??"]
[EventType "swiss"]
[EventRounds "11"]
[EventCountry "RUS"]
[SourceTitle "EXT 2000"]
[Source "ChessBase"]
[SourceDate "1999.11.16"]
[SourceVersion "1"]
[SourceVersionDate "1999.11.16"]
[SourceQuality "1"]

1. d4 Nf6 2. Bg5 Ne4 3. h4 h6 4. Bf4 d5 5. Nd2 Bf5 6. Nxe4 Bxe4 7. f3 Bh7 8. e3 e6 9. Bd3 Bxd3 10. Qxd3 c5 11. dxc5 Qa5+ 12. c3 Qxc5 13. Ne2 Nc6 14. b4 Qb6 15. a4 a5 16. Qb5 Qa7 17. Nd4 Rc8 18. e4 dxe4 19. Nxe6 fxe6 20. Qh5+ Ke7 21. 0-0-0 Nd4 22. Kb2 axb4 23. Bd6+ Kxd6 24. Rxd4+ Ke7 25. Rhd1 bxc3+ 26. Kc2 Rc7 27. Qe5 Qb6 28. Rb1 Qc6 29. Rb5 Kf7 30. Rxe4 Qd6 31. Rf4+ Ke7 32. Qe2 Qxf4 0-1

[Event "RUS-Cup2"]
[Site "Moscow"]
[Date "1996.??.??"]
[Round "6"]
[White "Fedorov, Alexei"]
[Black "Fedorov, Vladislav"]
[Result "1-0"]
[WhiteElo "2555"]
[BlackElo "2430"]
[PlyCount "93"]
[EventDate "1996.11.28"]
[EventType "swiss"]
[EventRounds "9"]
[EventCountry "RUS"]
[SourceTitle "CBM 056 Extra"]
[Source "ChessBase"]
[SourceDate "1997.03.01"]
[SourceVersion "1"]
[SourceVersionDate "1997.03.01"]
[SourceQuality "1"]

1. e4 d6 2. d4 Nf6 3. Bd3 e5 4. c3 d5 5. dxe5 Nxe4 6. Nf3 Nc6 7. Nbd2 Nc5 8. Bb5 Be7 9. Nb3 Nxb3 10. axb3 0-0 11. h3 Nb8 12. Bd3 c5 13. Qc2 h6 14. Bf4 Qb6 15. 0-0 Nc6 16. Rfe1 Rd8 17. Nh2 Na5 18. Ra3 c4 19. Bh7+ Kh8 20. b4 Nb3 21. Bf5 d4 22. Be4 Be6 23. Qe2 d3 24. Qh5 Bf8 25. Ng4 Bxg4 26. hxg4 Kg8 27. Be3 Qb5 28. f4 a5 29. g5 Ra6 30. gxh6 Rxh6 31. Qg5 axb4 32. Rxb3 Rd7 33. Rxb4 Bxb4 34. cxb4 Qxb4 35. Qg3 Qxb2 36. f5 d2 37. Rd1 Qb3 38. Qf3 Ra6 39. Rxd2 Rxd2 40. Bxd2 Qxf3 41. gxf3 b5 42. Bd5 Ra1+ 43. Kf2 Ra2 44. Ke1 Ra3 45. e6 c3 46. exf7+ Kf8 47. Be3 1-0

[Event "RUS-Cup2"]
[Site "Moscow"]
[Date "1996.??.??"]
[Round "9"]
[White "Fedorov, Vladislav"]
[Black "Gusev, Yuri S"]
[Result "1-0"]
[WhiteElo "2430"]
[BlackElo "2310"]
[PlyCount "93"]
[EventDate "1996.11.28"]
[EventType "swiss"]
[EventRounds "9"]
[EventCountry "RUS"]
[SourceTitle "CBM 056 Extra"]
[Source "ChessBase"]
[SourceDate "1997.03.01"]
[SourceVersion "1"]
[SourceVersionDate "1997.03.01"]
[SourceQuality "1"]

1. g3 d5 2. Bg2 c6 3. d3 g6 4. Nf3 Bg7 5. 0-0 Nf6 6. Nbd2 0-0 7. e4 dxe4 8. dxe4 Na6 9. Qe2 Nc5 10. Re1 h6 11. e5 Nd5 12. Nb3 Nxb3 13. axb3 a5 14. Bd2 Qb6 15. Ra4 c5 16. Rea1 Nb4 17. Be3 Bd7 18. R4a3 Bb5 19. Qd2 g5 20. Qc3 Rfc8 21. Nd2 Qe6 22. Nc4 Nd5 23. Qd2 Bxc4 24. bxc4 Nb6 25. b3 Rd8 26. Qe1 Bxe5 27. Rd1 Bc3 28. Qf1 Qg4 29. Rd3 Bd4 30. h3 Qf5 31. Bd2 a4 32. Bxb7 Rab8 33. Bg2 axb3 34. Raxb3 Nxc4 35. Rxd4 cxd4 36. Qxc4 Rxb3 37. Qxb3 Rc8 38. Qd3 Qe5 39. Be4 e6 40. g4 Rb8 41. Qf3 Kg7 42. Kg2 Rd8 43. Bc1 Qa5 44. Bd3 Qd5 45. Be4 Qa5 46. h4 Qc5 47. Bd2 1-0

[Event "Moscow-ch"]
[Site "Moscow"]
[Date "1996.??.??"]
[Round "8"]
[White "Fedorov, Vladislav"]
[Black "Notkin, Maksim"]
[Result "1/2-1/2"]
[WhiteElo "2430"]
[BlackElo "2520"]
[PlyCount "96"]
[EventDate "1996.08.??"]
[EventType "swiss"]
[EventRounds "11"]
[EventCountry "RUS"]
[SourceTitle "CBM 055 Extra"]
[Source "ChessBase"]
[SourceDate "1997.01.01"]
[SourceVersion "1"]
[SourceVersionDate "1997.01.01"]
[SourceQuality "1"]

1. e4 e5 2. Nf3 Nc6 3. Bb5 a6 4. Ba4 Nf6 5. 0-0 Be7 6. Re1 b5 7. Bb3 d6 8. c3 0-0 9. h3 Nb8 10. d4 Nbd7 11. Nbd2 Bb7 12. a4 c5 13. Bc2 Re8 14. Nf1 Bf8 15. Ng3 g6 16. dxe5 dxe5 17. Nh2 h5 18. Qf3 c4 19. Rd1 Qc7 20. Nhf1 Bg7 21. Ne3 h4 22. Ngf5 gxf5 23. Nxf5 Re6 24. axb5 axb5 25. Rxa8+ Bxa8 26. Bg5 Nf8 27. Bxh4 Bc6 28. Bg5 Ng6 29. Bxf6 Bxf6 30. Qg4 Kf8 31. Qh5 Ne7 32. Nh6 Ng8 33. Nf5 Ne7 34. Nh6 Be8 35. Ra1 Bg7 36. Ng4 Rd6 37. Qg5 Ng6 38. g3 Qd8 39. Qh5 Rd2 40. Ne3 Qf6 41. Qf5 Qxf5 42. exf5 Ne7 43. Be4 Rxb2 44. Ra6 f6 45. Ra8 Bh6 46. Ng4 Bg7 47. Ne3 Bh6 48. Ng4 Bg7 1/2-1/2

[Event "RUS-Cup2"]
[Site "Moscow"]
[Date "1996.??.??"]
[Round "5"]
[White "Fedorov, Vladislav"]
[Black "Volkov, Sergey"]
[Result "1-0"]
[WhiteElo "2430"]
[BlackElo "2485"]
[PlyCount "103"]
[EventDate "1996.11.28"]
[EventType "swiss"]
[EventRounds "9"]
[EventCountry "RUS"]
[SourceTitle "CBM 056 Extra"]
[Source "ChessBase"]
[SourceDate "1997.03.01"]
[SourceVersion "1"]
[SourceVersionDate "1997.03.01"]
[SourceQuality "1"]

1. e4 e6 2. d4 d5 3. Nd2 Nf6 4. e5 Nfd7 5. f4 c5 6. c3 Nc6 7. Ndf3 Qb6 8. a3 a5 9. b3 Be7 10. h4 h5 11. Nh3 cxd4 12. cxd4 f5 13. Be2 g6 14. 0-0 Ndb8 15. Bb2 Na6 16. Bc3 Bd7 17. Qd2 Kf7 18. Rfb1 Kg7 19. Kh2 Rhc8 20. Nf2 Nc7 21. Bb2 Nd8 22. Bc3 Bb5 23. Bd1 Nc6 24. Nh3 Qa6 25. Nf2 Qb6 26. Bc2 Ba6 27. Kh3 Nb5 28. Bb2 Qd8 29. Bd1 Rc7 30. Nd3 Qf8 31. a4 Nba7 32. Nc5 Bxc5 33. dxc5 Qxc5 34. Ba3 Qb6 35. Bd6 Rd7 36. Rc1 Re8 37. Rc2 Qd8 38. Rac1 Nc8 39. Ba3 d4 40. Ng5 Qb6 41. Kh2 Rdd8 42. Bf3 Nb4 43. Rc7+ Ne7 44. Bxb4 axb4 45. R1c5 Kg8 46. a5 Qa7 47. Nxe6 Ra8 48. Qxd4 Qb8 49. Qd6 Nc8 50. Rg7+ Kh8 51. Qd7 Rxe6 52. Rh7+ 1-0

[Event "Moscow-ch"]
[Site "Moscow"]
[Date "1996.??.??"]
[Round "10"]
[White "Lastin, Alexander"]
[Black "Fedorov, Vladislav"]
[Result "1-0"]
[WhiteElo "2495"]
[BlackElo "2430"]
[PlyCount "65"]
[EventDate "1996.08.??"]
[EventType "swiss"]
[EventRounds "11"]
[EventCountry "RUS"]
[SourceTitle "CBM 055 Extra"]
[Source "ChessBase"]
[SourceDate "1997.01.01"]
[SourceVersion "1"]
[SourceVersionDate "1997.01.01"]
[SourceQuality "1"]

1. e4 d6 2. d4 Nf6 3. Nc3 g6 4. Nf3 Bg7 5. Be2 0-0 6. 0-0 c6 7. Re1 Nbd7 8. Bf4 Qa5 9. Nd2 Qc7 10. d5 Re8 11. a4 cxd5 12. exd5 Nb6 13. Nb5 Qd8 14. c4 a6 15. Nc3 Nbd7 16. Nb3 Qc7 17. Qd2 Nc5 18. Nxc5 Qxc5 19. a5 Nd7 20. Bf1 b6 21. Ne4 Qc7 22. Nxd6 Rf8 23. Rxe7 Qd8 24. Rae1 Nf6 25. Nxc8 Rxc8 26. axb6 Qxb6 27. b4 a5 28. bxa5 Qc5 29. Rb7 Qa3 30. d6 Rcd8 31. Re3 Qa1 32. c5 Qa4 33. Ree7 1-0

[Event "American op"]
[Site "Los Angeles"]
[Date "1995.??.??"]
[Round "5"]
[White "Duckworth, William Mark"]
[Black "Fedorov, Vladislav"]
[Result "1-0"]
[WhiteElo "2330"]
[BlackElo "2445"]
[PlyCount "61"]
[EventDate "1995.11.23"]
[EventType "swiss"]
[EventRounds "8"]
[EventCountry "USA"]
[SourceTitle "EXT 1998"]
[Source "ChessBase"]
[SourceDate "1997.11.17"]
[SourceVersion "1"]
[SourceVersionDate "1997.11.17"]
[SourceQuality "1"]

1. e4 d6 2. d4 Nf6 3. Nc3 g6 4. Be3 c6 5. f3 Nbd7 6. Nh3 b5 7. Nf2 Bg7 8. Qd2 0-0 9. Bh6 e5 10. dxe5 dxe5 11. 0-0-0 Bb7 12. Be3 Qe7 13. Qd6 Qxd6 14. Rxd6 Rfe8 15. g3 Bf8 16. Rd1 Nc5 17. Bh3 b4 18. Nb1 a5 19. Nd2 Ba6 20. Bf1 Nfd7 21. Bxa6 Rxa6 22. Nc4 a4 23. Nd3 b3 24. cxb3 axb3 25. a3 Ra4 26. Nb4 Rb8 27. Kb1 Rbxb4 28. axb4 Rxb4 29. Bxc5 Nxc5 30. Nxe5 Ra4 31. Nd7 1-0

[Event "RUS-ch sf"]
[Site "Kazan"]
[Date "1995.??.??"]
[Round "2"]
[White "Fedorov, Vladislav"]
[Black "Murzin, Lenar"]
[Result "1/2-1/2"]
[WhiteElo "2445"]
[BlackElo "2265"]
[PlyCount "64"]
[EventDate "1995.??.??"]
[EventType "swiss"]
[EventRounds "9"]
[EventCountry "RUS"]
[SourceTitle "CBM 049 Extra"]
[Source "ChessBase"]
[SourceDate "1996.01.01"]
[SourceVersion "1"]
[SourceVersionDate "1996.01.01"]
[SourceQuality "1"]

1. e4 c5 2. Nf3 e6 3. d4 cxd4 4. Nxd4 Nc6 5. Nb5 d6 6. c4 Nf6 7. N1c3 a6 8. Na3 Be7 9. Be2 0-0 10. 0-0 b6 11. Be3 Bb7 12. f4 Rc8 13. Bf3 Qc7 14. Rc1 Nb8 15. Nab1 Rfd8 16. Nd2 Nbd7 17. b4 Qb8 18. Qb3 Ba8 19. a4 a5 20. bxa5 bxa5 21. Rb1 Qxb3 22. Rxb3 d5 23. exd5 Nc5 24. Rb5 exd5 25. Nxd5 Nxd5 26. cxd5 Nxa4 27. Rxa5 Nc3 28. Bb6 Rd6 29. Bc5 Bd8 30. Rxa8 Rxc5 31. Ne4 Nxe4 32. Bxe4 g6 1/2-1/2

[Event "Vladivostok Zaitsev Memorial"]
[Site "Vladivostok"]
[Date "1995.??.??"]
[Round "5"]
[White "Fedorov, Vladislav"]
[Black "Petukhov, Viacheslav M"]
[Result "0-1"]
[WhiteElo "2445"]
[BlackElo "2275"]
[PlyCount "68"]
[EventDate "1995.09.??"]
[EventType "tourn"]
[EventRounds "9"]
[EventCountry "RUS"]
[EventCategory "9"]
[SourceTitle "CBM 050"]
[Source "ChessBase"]
[SourceDate "1996.02.01"]
[SourceVersion "1"]
[SourceVersionDate "1996.02.01"]
[SourceQuality "1"]

1. e4 c5 2. Nf3 Nc6 3. d4 cxd4 4. Nxd4 g6 5. Nc3 Bg7 6. Nb3 Nf6 7. Be2 0-0 8. 0-0 d6 9. Bg5 a5 10. a4 Be6 11. f4 d5 12. Bxf6 Bxf6 13. e5 Bg7 14. Nb5 f6 15. exf6 Bxf6 16. c3 Qb6+ 17. Kh1 Rad8 18. Bd3 Bf7 19. f5 Ne5 20. N3d4 Nxd3 21. Qxd3 gxf5 22. Nxf5 Kh8 23. Rae1 e5 24. Qh3 d4 25. cxd4 exd4 26. Qh6 d3 27. Nbd6 Bg8 28. Re7 Qxd6 29. Nxd6 Bxe7 30. Rxf8 Rxf8 31. Kg1 Rf6 32. Qe3 Bxd6 33. Qxd3 Bc5+ 34. Kh1 b6 0-1